LEADER 01263nam a22002651i 4500 001 991002250519707536 005 20040220173703.0 008 040407s1997 fr |||||||||||||||||fre 035 $ab12893948-39ule_inst 035 $aARCHE-087356$9ExL 040 $aDip.to Filologia Class. e Scienze Filosofiche$bita$cA.t.i. Arché s.c.r.l. Pandora Sicilia s.r.l. 082 04$a939.71 245 02$aL'archéologie algérienne de 1895 à 1915 :$bles rapports d'Albert Ballu publiés au Journal Officiel de la république française de 1896 à 1916 rassemblés et édités par Agnès Groslambert, Maître de Conférences à l'Université Lyon 3 260 $aParis :$bDiffusion De Boccard,$c1997 300 $a421 p. ;$c30 cm 440 0$aCollection du Centre d'études romaines et gallo-romaines.$nNuovelle série ;$v16 650 4$aScavi archeologici$zAlgeria$y1895-1915 700 1 $aBallu, Albert 700 1 $aGroslambert, Agnès 907 $a.b12893948$b02-04-14$c16-04-04 912 $a991002250519707536 945 $aLE007 939 BAL 01.01$g1$i2007000068991$lle007$o-$pE0.00$q-$rl$s- $t0$u0$v0$w0$x0$y.i1345819x$z16-04-04 996 $aArchéologie algérienne de 1895 à 1915$9305243 997 $aUNISALENTO 998 $ale007$b16-04-04$cm$da $e-$ffre$gfr $h2$i1 LEADER 02227oam 2200649I 450 001 9910711868403321 005 20190201082656.0 035 $a(CKB)5470000002487396 035 $a(OCoLC)1046653797 035 $a(OCoLC)995470000002487396 035 $a(EXLCZ)995470000002487396 100 $a20180730d1958 ua 0 101 0 $aeng 135 $aur||||||||||| 181 $ctxt$2rdacontent 182 $cc$2rdamedia 183 $acr$2rdacarrier 200 10$aSurface water supply of the United States 1954$hPart 1-B$iNorth Atlantic slope basins, New York to York River /$fprepared under the direction of J.V.B. Wells 210 1$a[Washington, D.C.] :$cUnited States Department of the Interior, Geological Survey,$d1958. 210 2$aWashington :$cUnited States Government Printing Office. 215 $a1 online resource (xii, 543 pages) $cillustrations, map 225 1 $aGeological Survey water-supply paper ;$v1332 300 $a"Prepared in cooperation with the States of Delaware, Maryland, Massachusetts, New Jersey, New York, Pennsylvania, Vermont, Virginia, and West Virginia, and with other agencies." 300 $aIncludes index. 606 $aHydrology$zNortheastern States 606 $aStream measurements$zNortheastern States 606 $aWater-supply$zNortheastern States 606 $aHydrology$2fast 606 $aStream measurements$2fast 606 $aWater-supply$2fast 607 $aNortheastern States$2fast 615 0$aHydrology 615 0$aStream measurements 615 0$aWater-supply 615 7$aHydrology. 615 7$aStream measurements. 615 7$aWater-supply. 700 $aWells$b J. V. B.$01385991 712 02$aGeological Survey (U.S.), 712 02$aDelaware. 712 02$aMaryland. 712 02$aMassachusetts. 712 02$aNew Jersey. 712 02$aNew York (State) 712 02$aPennsylvania. 712 02$aVermont. 712 02$aVirginia. 712 02$aWest Virginia. 801 0$bCOP 801 1$bCOP 801 2$bOCLCO 801 2$bOCLCF 801 2$bGPO 906 $aBOOK 912 $a9910711868403321 996 $aSurface water supply of the United States 1954$93450121 997 $aUNINA